| 000 | 00558cam a2200229 4500 | ||
|---|---|---|---|
| 001 | D2517 | ||
| 008 | 090401t1974 xxu||||| |||| 00| 0 eng d | ||
| 035 | _a(Sirsi) u69392 | ||
| 041 | _aeng | ||
| 050 | _a336.276 | ||
| 100 | _aCole, V.B. | ||
| 245 | _aEstate duty and property | ||
| 250 | _a2nd | ||
| 260 |
_aLondon _bEstates Gazette _c1974 |
||
| 300 | _axxiii. 242p. + supplement. ii. 9p. 22cm | ||
| 350 | _a3.5 | ||
| 520 | _aWith supplement (April 1974) | ||
| 700 | _aBell, R.J. | ||
| 700 | _aParsons, G.B. | ||
| 942 | _n0 | ||
| 948 | _c04/03/1997 | ||
| 999 |
_c95192 _d95192 |
||